| 000 | 01330naa a22003497a 4500 | ||
|---|---|---|---|
| 001 | BR8002740 | ||
| 003 | BR-BrBNA | ||
| 005 | 20240918174556.0 | ||
| 007 | ta | ||
| 008 | 230509b bl.||||| |||| 00| 0 por d | ||
| 040 |
_aBR-BrBNA _bpor _cBiblioteca Nacional de Agricultura |
||
| 041 | _a(En) | ||
| 072 |
_aP05; F00; E10 _b8961 _b9530 _bG514 |
||
| 090 | _aP05 BR8002740 | ||
| 100 | 1 | _aVargas, J.I. | |
| 111 | 1 |
_a4. International Symposium on Alcohol Fuels Technology _cGuaruja, SP (Brazil) _d5 Oct 1980 |
|
| 245 | 1 | _aThe Brazilian biomass utilization program with emphasis on "PROALCOOL" [Programa Nacional do Alcool; Biomassa; Oleo vegetal; Oleo diesel; Brasil] | |
| 260 | 3 |
_aSao Paulo, SP (Brasil): _c1980. |
|
| 500 | _aProceedings of the 4. International Symposium on Alcohol Fuels Technology Sao Paulo, SP (Brasil): 1980. v. 3 p. 919-933 (BR8002740-AM)P05 | ||
| 650 | _aRecurso energetico | ||
| 650 | _aProducao vegetal | ||
| 650 | _aMacroeconomia | ||
| 650 | _aAlcool | ||
| 650 | _aOleo vegetal | ||
| 650 | _aOleo diesel | ||
| 650 | _aEtanol | ||
| 650 | _aEnergia | ||
| 650 | _aConsumo | ||
| 773 | 0 |
_tProceedings of the 4. International Symposium on Alcohol Fuels Technology _wP05 BR8002740 _gSao Paulo, SP (Brasil), 1980. v. 3 p. 919-933 |
|
| 909 |
_a202404 _bLucia _c55 _dLucia Elande |
||
| 942 |
_cAM _2AGRIS |
||
| 999 |
_c312106 _d312106 |
||